000 00445nam a22001817a 4500
003 CEME
005 20210628205018.0
008 210222b xxu||||| |||| 00| 0 eng d
020 _a0-582-25648-8
040 _c.
082 _a651.74 DAV'C
100 _aDavies, J. W
_973391
245 _aCommunication for engineering students
260 _aENGLAND
_bLONGMAN
_c1996
300 _a167P
650 _a ACC NO-30204
_973392
942 _cBK
_2ddc
999 _c579146
_d579146